| 000 | 00547nam a2200193 a 4500 | ||
|---|---|---|---|
| 001 | 000037903 | ||
| 005 | 20250707112615.0 | ||
| 008 | 130308s1995 dr a r 000 0 spa d | ||
| 040 |
_aDO-SdBNP _bspa _cBNPHU |
||
| 082 |
_a330 _bC334p |
||
| 100 | 1 |
_aCasado M., Lucio _936878 |
|
| 245 | 1 | 0 |
_aPrincipios de económia / _cLucio Casado M. |
| 250 | _a8a ed. | ||
| 260 |
_aSanto Domingo : _bCENAPEC, _c1995. |
||
| 300 |
_a347 p. : _bil. ; _c22 cm. |
||
| 504 | _aBibliografía: p. 346-347 | ||
| 590 | _aInventariado, 2019/BT | ||
| 650 | 0 |
_aEconomia _985383 |
|
| 999 |
_c37393 _d37393 |
||